000 00935nas a2200313 4500
001 BR0101469
003 BR-BrBNA
005 20231205102144.0
007 ta
008 230509b bl.|||p| |||| 00| 00por d
040 _aBR-BrBNA
_bpor
_cBiblioteca Nacional de Agricultura
041 _a(Pt)
072 _aL02; Q55
100 1 _aThomaz, M.C.
100 1 _aKronka, R.N.
100 1 _aPanelli, M.A.
100 1 _aFranceschini, P.H.
100 1 _aKronka, S.N.
245 1 _aProbiotico em racoes de suinos nas fases de crescimento e terminacao: efeitos sobre o ganho de peso e alteracoes cromossomicas
650 _aSUÍNO
650 _aRacao
650 _aCrescimento
650 _aTerminacao
650 _aGanho de Peso
650 _aCromossoma
773 0 _tARS Veterinaria (Brazil)
_xISSN 0102-6380
_g(Aug 1998), v. 14(2) p. 218-228
_wBR0101469
909 _a202311
_bLúcia
_c55
_dLúcia Elande
942 _2AGRIS
_n0
_cANA
999 _c166021
_d166021